000 00486nam a2200181 i 4500
001 bgj
100 1 _aMÜLLER, Joachim.
245 1 0 _aAdalbert Stifter :
_bWeltbild und Dichtung /
_cvon Joachim Müller.
260 _aHalle (Saale) :
_bVEB Max Niemeyer Verlag,
_c1956.
300 _aVIII, 210 s. ;
_c25 cm.
650 9 _aLiteratura niemiecka
040 _cBPK
041 0 _ager
044 _aDEU
080 _a821.112.2
942 _cKS
008 s gw f |000 0 ger
999 _c50385
_d50385
856 _uhttp://koha.tu.koszalin.pl/cgi-bin/koha/opac-detail.pl?biblionumber=50385
_yKatalog online BPK